Fußballspieler nach Marktwerten - Statistiken

Allgemein
  • Dieses Quiz wurde 92 mal gespielt
  • Das Durchschnittsergebnis liegt bei 21 aus 35
Antwortstatistiken
Marktwert Verein Spieler % Korrekt
200 mio Real Madrid Kylian Mbappe
100%
200 mio Man City Erling Haaland
97%
200 mio Barcelona Lamine Yamal
96%
150 mio Real Madrid Vinicius Junior
92%
160 mio Real Madrid Jude Bellingham
90%
130 mio Bayern München Jamal Musiala
89%
130 mio Bayern München Michael Olise
89%
130 mio Arsenal Bukayo Saka
88%
110 mio Liverpool Florian Wirtz
86%
140 mio Barcelona Pedri
85%
100 mio PSG Ousmane Dembele
82%
120 mio Arsenal Declan Rice
70%
120 mio Liverpool Alexander Isak
64%
120 mio Chelsea Cole Palmer
64%
90 mio PSG Desire Doue
63%
100 mio Atletico Madrid Julian Alvarez
63%
110 mio PSG Vitinha
63%
120 mio Real Madrid Federico Valverde
59%
90 mio PSG Khvicha Kvaratskhelia
52%
85 mio Inter Lautaro Martinez
52%
85 mio Liverpool Hugo Ekitike
49%
110 mio PSG Joao Neves
49%
110 mio Chelsea Moises Caicedo
47%
80 mio PSG Achraf Hakimi
45%
80 mio Barcelona Raphinha
45%
90 mio Arsenal William Saliba
42%
90 mio Real Madrid Arda Güler
40%
85 mio Liverpool Alexis Mac Allister
38%
85 mio Chelsea Enzo Fernandez
38%
90 mio Liverpool Ryan Gravenberch
38%
80 mio Man City Phil Foden
37%
85 mio Liverpool Dominik Szoboszlai
30%
80 mio Inter Alessandro Bastoni
27%
80 mio Barcelona Pau Cubarsi
22%
80 mio Chelsea Estevao
18%
Keine übereinstimmenden Quizze gefunden
Verteilung der Resultate
Anzahl Personen mit jedem Resultat
Perzentil nach korrekt beantworteten Fragen
Ihre Resultats-Entwicklung
Sie haben dieses Quiz noch nicht gespielt